| Tag |
First Indicator |
Second Indicator |
Subfields |
| LEADER |
00000cam a2200000 4500 |
| 001 |
in00000257524 |
| 005 |
20151010053636.0 |
| 008 |
760820s1965 enkabc b 00010 eng |
| 010 |
|
|
|a 66083920
|
| 035 |
|
|
|a (OCoLC)02385927
|
| 035 |
|
|
|9 ABC5241AM
|
| 040 |
|
|
|a FTU
|c FTU
|d TXA
|d UtOrBLW
|
| 049 |
|
|
|a TXAM
|c [915288]
|
| 090 |
|
|
|a F2119
|b .D4 1965
|
| 100 |
1 |
|
|a De Suze, Jos. A.,
|d 1846-1941.
|
| 245 |
1 |
4 |
|a The new Trinidad and Tobago ;
|b a descriptive account of the geography and history of Trinidad and Tobago /
|c From the original by Jos. A. de Suze.
|
| 250 |
|
|
|a 14th ed.
|
| 264 |
|
1 |
|a London :
|b Collins,
|c [1965]
|
| 300 |
|
|
|a 192 pages :
|b illustrations, maps (part color) portrait ;
|c 20 cm.
|
| 336 |
|
|
|a text
|b txt
|2 rdacontent
|
| 337 |
|
|
|a unmediated
|b n
|2 rdamedia
|
| 338 |
|
|
|a volume
|b nc
|2 rdacarrier
|
| 500 |
|
|
|a "Formerly Little Folks' Trinidad."
|
| 504 |
|
|
|a Bibliography: page 10.
|
| 651 |
|
0 |
|a Trinidad and Tobago.
|
| 999 |
|
|
|a MARS
|
| 999 |
f |
f |
|s 7c530627-39cb-3fab-a25b-d737e23d3d4d
|i bbbc3881-ae2a-3468-be4e-c71f1c559bff
|t 0
|
| 952 |
f |
f |
|p ric
|a Texas A&M University
|b Rellis Campus
|c Joint Library Facility
|d Remote Storage
|t 0
|e F2119 .D4 1965
|h Library of Congress classification
|i unmediated -- volume
|m A14802361271
|
| 998 |
f |
f |
|a F2119 .D4 1965
|t 0
|l Remote Storage
|